| 000 | 00986cad a22001935a 4500 | ||
|---|---|---|---|
| 001 | L152358 | ||
| 008 | 110225s2008 xxk f 000 0 eng d | ||
| 035 | _a(Sirsi) u152358 | ||
| 041 | 0 | _aeng | |
| 110 | 2 |
_aNational Self Build Association _95919 |
|
| 245 | 0 | 0 |
_aSelfbuild as a volume housing solution _h[electronic resource] |
| 260 |
_a[S.l.] _bNSBA _c2008 |
||
| 520 | _aA detailed look at self-build including how to self build, the demographics of a self-builder, the scale of the market and what restricts its growth, the situation overseas, benefits, self build as a volume housing solution, Government and other land owner participation, and further information. | ||
| 651 | 4 |
_aUnited Kingdom _y |
|
| 690 | _aBUILT ENVIRONMENT-CONSTRUCTION MARKET | ||
| 690 | _aPROPERTY-RESIDENTIAL PROPERTY-DOMESTIC RESIDENTIAL PROPERTY-HOUSING | ||
| 856 | 4 | 0 |
_uhttps://www.nasba.org.uk/Media/Self_Build_report_final_version.pdf _z View this item free of charge at www.nasba.org.uk |
| 942 | _n0 | ||
| 999 |
_c112017 _d112017 |
||